000 00422nam a2200157Ia 4500
008 240729s9999 xx 000 0 und d
022 _a2286-0428
245 0 _aRomanian Journal of English Studies
260 _aPoland
260 _bSciendo
650 _a English literature
650 _aLanguage and Literature
856 _uhttps://doaj.org/toc/db2059b01daa49acb48f9cb00a45e14a
942 _2ddc
942 _cDOAJEJ
999 _c68139
_d68139
945 _a1
_bMadushi Gamage
_c1
_dMadushi Gamage